000 00573nam a2200193 i 4500
001 146318
003 ES-MaACL
005 20250806075719.0
007 t|
008 070906n1908 it ||||1| ita d
100 1 _aTreves, Z.
_9111341
245 1 0 _aFisiologĂ­a del lavoro /
_cpor Z. Treves.
260 _aMilano :
_bFrancesco Vallardi,
_c[s.a.: 1908?]
300 _aXII, 253 p. :
_bil. ;
_c22 cm.
490 1 _aTrattato di Medicina Sociale
830 0 0 _aTrattato di medicina sociale
_9229531
852 _aES-MaACL
_jF-15673
999 _c146318
_d146318